00154 a2200073 450000100060000010000190000624500230002526000320004832689 aSalisbury, H E aAmerican in Russia aNew yorkbHapper & Brothsc